00000000nam##2200000za#4500
0019.617976
003CaOODSP
00520211126112848
007ta
008150406|2006||||xxc|||||     f|0| 0 eng|d
022 |a1192-5434
040 |aCaOODSP|beng
043 |an-cn---
0861 |aFB3-2/106-27E
1102 |aBank of Canada.
24510|aCan affine term structure models help us predict exchange rates? / |cby Antonio Diez de los Rios.
260 |bBank of Canada |cAugust 2006.
300 |av, 43p. : |breferences, tables ; |c28 cm.
4901 |aWorking paper|x1192-5434|v2006-27
5203 |aThis working paper is part of a series that examines a range of economic and financial issues of interest to bankers, economists and policymakers.
546 |a(Résumé en français).
563 |aProcessed
590 |a06-33|b2006-08-18
69007|aExchange rates|2gcpds
7201 |aDiez de los Rios, Antonio
7760#|tCan affine term structure models help us predict exchange rates? / |w(CaOODSP)9.560982
830#0|aWorking paper,|x1192-5434|v2006-27|w(CaOODSP)9.514622